Представление документа в формате RUSMARC

ПолеНазваниеЗначение
  Тип записи a
  Библиографический уровень m
001 Контрольный номер b03a229027624a3aa5fa92488d5bc0aa
005 Дата корректировки 20150902132738.5
010 Индекс ISBN __
a ISBN 978-5-905536-57-1
d Цена 200,00
101 Язык документа 0_
a Язык текста rus
102 Страна публикации __
a Страна публикации RU
200 Заглавие и сведения об ответственности 1_
a Заглавие История менеджмента
b Общее обозначение материала Текст
e Сведения, относящиеся к заглавию Учебное пособие
f Первые сведения об ответственности С. М. Имяреков; Саран. кооп. ин-т РУК
210 Выходные данные 1_
a Место издания Саранск
c Издательство Принт-Издат
d Дата издания 2014
215 Физическое описание __
a Объем 188с.
610 Ключевые слова 0_
a Ключевые слова история менеджмента
a Ключевые слова Менеджмент
686 Индексы других классификаций __
a Классификационный индекс 65.050(М)
700 Автор _1
a Фамилия Имяреков С. М.
801 Источник записи _0
a Страна RU
b Организация РУК
g Правила каталогизации PSBO
801 Источник записи _1
a Страна RU
b Организация РУК
g Правила каталогизации PSBO
852 Данные о местонахождении __
i Авторский знак И 56
j Шифр хранения 65.050(М)
b Сигла хранения ЧЗ_1
t Номер экземпляра 5
p Инвентарный номер 1800143
p Инвентарный номер 1800144
p Инвентарный номер 1800145
p Инвентарный номер 1800146
p Инвентарный номер 1800147
901 Тип документа __
t Тип документа m
937 Технологическая информация __
a Создатель записи (имя) Носкова
938 Служебная информация __
a Название организации Саранский филиал
952 Тип литературы __
c Вид литературы учебное пособие